000 00570nam a22001817a 4500
005 20260414100611.0
008 260414b |||||||| |||| 00| 0 eng d
020 _a0-443-04704-9
050 _aRC 46 .T66 1995
100 _aBLOOM, STEPHEN R.
245 _aTOOHEY'S MEDICINE: A TEXTBOOK FOR STUDENTS IN THE HEALTH CARE PROFFESSIONS
250 _a15TH
260 _aEDINBURGH,
_bCHURCHILL LIVINGSTONE,
_c1995.
300 _aIX, 377 P ILL
500 _aINCLUDES INDEX
650 _a1. INTERNAL MEDICINE 2. CLINICAL MEDICINE- HANDBOOKS, MANUALS
942 _2lcc
_cBK
999 _c216938
_d216938